000 00495nam a2200181Ia 4500
008 090124s9999 xx 000 0 und d
082 _b127965
100 _aदळवी श्रीकांत
245 _a जीवन मरण
250 _a1
260 _c1997
300 _a676
600 _aदळवी श्रीकांत
630 _a जीवन मरण
700 _aदळवी श्रीकांत
730 _a जीवन मरण
942 _cBOOK
999 _c174054
_d174054